Statistics for NBA Broadcasters

Click here to take the quiz!

General Stats

  • This quiz has been taken 23 times
  • The average score is 16 of 41

Answer Stats

NetworkRoleBroadcaster% Correct
TNTAnalystsCharles Barkley
85%
TNTAnalystsShaquille O'Neal
85%
TNTAnalystsKenny Smith
80%
TNTPlay-By-PlayMarv Albert
80%
TNTAnalystsReggie Miller
80%
TNTAnalystsSteve Smith
80%
ESPN & ABCAnalystsJeff Van Gundy
75%
ESPN & ABCAnalystsMark Jackson
75%
TNTAnalystsChris Webber
70%
TNTReporterLewis Johnson
70%
ESPN & ABCPlay-By-PlayMike Breen
65%
TNTPlay-By-PlayKevin Harlan
60%
ESPN & ABCReportersDoris Burke
50%
ESPN & ABCAnalystsHubie Brown
45%
ESPN & ABCAnalystsJalen Rose
45%
TNTReporterDavid Aldridge
40%
ESPN & ABCAnalystsChauncey Billups
35%
TNTAnalystsGrant Hill
35%
TNTAnalystsBrent Barry
30%
ESPNAnalystsJon Barry
30%
ESPN & ABCStudio HostMichelle Beadle
30%
ESPNAnalystsTracy McGrady
30%
TNTPlay-By-PlayIan Eagle
25%
TNTAnalystsKevin McHale
25%
ESPN & ABCReportersLisa Salters
25%
TNTAnalystsMike Fratello
25%
TNTPlay-By-PlayBrian Anderson
20%
TNTReporterDennis Scott
20%
ESPN & ABCPlay-By-PlayMark Jones
20%
ESPN & ABCStudio HostSage Steele
20%
TNTReporterAllie LaForce
15%
ESPN & ABCPlay-By-PlayDave Pasch
15%
ESPN & ABCAnalystsMichael Wilbon
15%
ESPNAnalystsTim Legler
15%
ESPNPlay-By-PlayAdam Amin
10%
ESPNAnalystsBruce Bowen
10%
ESPNAnalystsDoug Collins
10%
ESPNReportersJ.A Adande
10%
ESPNPlay-By-PlayRyan Ruocco
10%
ESPNAnalystsP.J Carlesimo
5%
ESPN & ABCReportersTom Rinaldi
5%

Score Distribution

Percentile by Number Answered

Percent of People with Each Score

Your Score History

You have not taken this quiz